=LDR 00000nam 2200000 4500 =001 INLIS000000000041382 =005 20200210024947 =035 ##$$a 0010-061300000041382 =008 200210################g##########0#ind## =041 ##$$a ind =082 ##$$a 001.502 =090 ##$$a 001.502, Bun b =245 ##$$a Bunga rampai membangun keterbukaan informasi publik : $b Melalui pemanfaatan teknologi informasi dan komunikasi /$c Editor S.Arifianto =260 ##$$a Jakarta :$b Kementrian Komunikasi dan Informatika,$c 2011 =300 ##$$a xi, 218 hlm. : $b ilus. ; $c 15x21 cm. =650 #4$$a Komunikasi Informasi Teknis-Bunga Rampai =700 #$$a Arifianto, S =850 ##$$a NNT-CD =020 ##$$a 978-602-99599-2-5 =084 ##$$a 001.502 BUN b =504 ##$$a Bibliografi : hlm. 209 - 210 =990 ##$$a 31200208